Obras [de Fernando Salmerón Roiz] : Ensayos de filosofía moderna y contemporánea, Páginas adicionales /

-д хадгалсан:
Номзүйн дэлгэрэнгүй
Үндсэн зохиолч: Salmerón Roiz, Fernando (autor)
Бусад зохиолчид: Salmerón Castro, Fernando I. (presentación) (presentación)
Формат: Ном
Хэл сонгох:испани
Хэвлэсэн: México : El Colegio Nacional, 2002, c2002
Нөхцлүүд:
Шошгууд: Шошго нэмэх
Шошго байхгүй, Энэхүү баримтыг шошголох эхний хүн болох!

MARC

LEADER 00000nam^a2200000^a^4500
001 000153410
005 20250521000000.0
009 20260310100319.241
020 |a 970-640-195-4 
020 |a 970-640-153-9 
037 |a Acervo ITESO - Biblioteca 
041 |a ESP 
082 |a 868.  |b OBR SAL V. 5 
100 |a Salmerón Roiz, Fernando  |e (autor) 
240 1 1 |a [Obras de El Colegio Nacional] 
240 1 1 |a [Obras de Fernando Salmerón Roiz] 
245 1 0 |a Obras [de Fernando Salmerón Roiz] :  |b Ensayos de filosofía moderna y contemporánea, Páginas adicionales /  |c F. Salmerón Roiz ; presen. de F.I. Salmerón Castro. 
264 4 |a México :  |b El Colegio Nacional,  |c 2002, c2002 
300 |a VIII, 411 p. 
336 |a texto  |b txt  |2 rdacontenido 
337 |a sin mediación  |b n  |2 rdamedio 
338 |a volumen  |b nc  |2 rdasoporte 
649 |a XX 
650 |a Vitalismo -  |x Historia y Crítica 
650 |a Epistemología -  |x Historia y Crítica 
650 |a Filosofía Analítica -  |x Historia y Crítica 
650 |a Filosofía Alemana -  |x Historia y Crítica 
650 |a Filosofía del Siglo XX -  |x Historia y Crítica 
650 |a Ortega y Gasset, José 
650 |a Husserl, Edmund 
650 |a Hartmann, Nicolai 
650 |a Heidegger, Martin 
650 |a Hume, David 
650 |a Kant, Immanuel 
650 |a Russell, Bertrand 
650 |a Sartre, Jean-Paul 
650 |a Einstein, Albert 
740 0 |a Ensayos de filosofía moderna y contemporánea /  |c F. Salmerón Roiz. 
740 0 |a Páginas adicionales /  |c F. Salmerón Roiz. 
700 |a Salmerón Castro, Fernando I.  |e (presentación) 
910 |a Fondo General 
920 |a Impresos - Libros 
930 |a Colección General 
940 |a Literatura 
905 |a 101 
901 |a 0500082019  |b IT1  |c LIT  |u 20250521 
902 |a https://opac.biblio.iteso.mx/vufind/Record/000153410